000 00517nam a2200181 4500
001 4529436
003 OSt
005 20150616093132.0
008 850813m1974 slv spa
040 _aDLC
_cBMC
_dDLC
082 _a972.84
245 0 0 _aPapeles históricos
_nVol. 3 (2ª Parte)
_cRecopilación de Miguel Ángel Gallardo
260 _aSan Salvador
_bLa Idea
_c1974
300 _a481 p.
_bil.
_c25 cm
651 2 4 _aEl Salvador
_xHistoria
_93692
700 1 _aGallardo, Miguel Ángel
_922579
942 _2ddc
_cBK
999 _c21352
_d21352